| 000 | 00837 a2200217 4500 | ||
|---|---|---|---|
| 020 | _a0821342894 | ||
| 020 | _a9780821342893 | ||
| 082 | 0 | 4 | _a338.1770954 |
| 090 |
_c3528 _d3528 |
||
| 100 | 1 | _aCandler, Wilfred. | |
| 245 | 1 | 0 |
_aIndia : _bthe dairy revolution : _bthe impact of dairy development in india and the world bank's contribution / _cWilfred Candler. |
| 260 |
_a[S.l.] : _bWorld Bank Publications, _c1998. |
||
| 300 |
_a72 p. ; _c27 cm. |
||
| 490 | 1 | _aEvaluation country case study series. | |
| 500 | _aPaperback. | ||
| 700 | 1 | _aKumar, Nalini. | |
| 830 | 0 | _aEvaluation country case study series. | |
| 856 | 4 | 0 |
_3Amazon.com _uhttp://www.amazon.com/exec/obidos/ASIN/0821342894/chopaconline-20 |
| 856 | 4 | 0 |
_3Amazon customer reviews _uhttp://www.chopac.org/cgi-bin/tools/azrev.pl?q=0821342894 |
| 942 |
_aNBS _cBK _k338.1770954 CAN |
||
| 999 |
_c346003 _d346003 |
||